000
00324pam a2200145 a 4500
020
_c
041
_h
082
_a
658.82
_b
KON
100
_a
Konikow Robert B.
245
_a
Sales Promotion Design
_h
Textual Documents
250
_a
1990.
260
_a
America
_b
PBC International Inc.
300
_a
H/253.
930
_a
349
999
_c
234139
_d
234139